00522nam a2200169Ia 4500003000900000008004100009040001600050080002100066245009800087260003500185300001500220650002400235650004100259650002300300650001100323700001800334IN-BaIIA211028s9999 xx 000 0 eng d cIIA Library a047.1:535bPRO-1 0aProgress in opticsbvol. 1cedited by E. Wolf  aAmsterdambNorth-Hollandc1961 axii, 342p. aAstronomical optics aAstronomy and astrophysics Thesaurus aOptical properties aOptics aWolf, E., ed.